Strong rigidity of locally symmetric spaces /

Guardado en:
Autor Principal: Mostow, George D.
Formato: Libro
Idioma:English
Publicado: Princeton, N.J. : Princeton University Press, 1973.
Series:Annals of mathematics studies ; no. 78
Materias:
Acceso en línea:Google Book Search
Etiquetas: Agregar Etiqueta
Sin Etiquetas, Sea el primero en etiquetar este registro!
LEADER 00882pam a2200265 a 4500
001 MAT.inmabb004346
008 730724s1973####nju######b####000#0#eng##
005 20120514164516.0
245 1 0 |a Strong rigidity of locally symmetric spaces /  |c by G. D. Mostow. 
260 |a Princeton, N.J. :  |b Princeton University Press,  |c 1973. 
300 |a v, 195 p. ;  |c 24 cm. 
440 0 |a Annals of mathematics studies ;  |v no. 78 
504 |a Bibliografía: p. 193-195. 
510 4 |a MR,  |c 52 #5874 
020 |a 0691081360 
100 1 |a Mostow, George D. 
650 0 |a Riemannian manifolds. 
650 0 |a Symmetric spaces. 
650 0 |a Lie groups. 
650 0 |a Rigidity (Geometry) 
084 |a 22E40 (53C35)  |2 msc2000 
010 |a  73013003  
040 |a DLC  |c DLC  |d DLC 
856 4 |u http://books.google.com/books?vid=ISBN0691081360  |y Google Book Search 
859 |h 22  |i M916  |p A-5502  |b BIB. MATEMATICA